Lana Turner : il film della mia vita /

সংরক্ষণ করুন:
গ্রন্থ-পঞ্জীর বিবরন
প্রধান লেখক: Turner, Lana (লেখক)
অন্যান্য লেখক: Manocchia, Benito (অনুবাদক)
বিন্যাস: গ্রন্থ
ভাষা:ইতালিয়
প্রকাশিত: Milano : Campironi, 1974
মালা:Ribalta
বিষয়গুলি:
ট্যাগগুলো: ট্যাগ যুক্ত করুন
কোনো ট্যাগ নেই, প্রথমজন হিসাবে ট্যাগ করুন!

MARC

LEADER 00000nam a22000007i 4500
001 IT\ICCU\UBO\3307784
003 ItRI
005 20260115232223.0
008 071024s1974 it |||||| ||||| |||||c
040 |b ita  |c importazione bologna sebina 
041 7 |a ita  |2 ISO-639-2 
100 1 |a Turner, Lana  |0 IT\ICCU\VIAV\103011  |4 aut 
245 1 0 |a Lana Turner :  |b il film della mia vita /  |c Lana Turner ; traduzione di Benny Manocchia. 
260 |a Milano :  |b Campironi,  |c 1974 
300 |a 157 p., [8] carte di tav. :  |b ill. ;  |c 18 cm 
650 7 |a Turner, Lana  |x Autobiografia  |2 nsbncf 
700 1 |a Manocchia, Benito  |0 IT\ICCU\SBLV\191222  |4 trl 
790 1 |a Manocchia, Benny  |3 IT\ICCU\SBLV\251903  |z Manocchia, Benito 
830 0 |a Ribalta  |0 IT\ICCU\TO0\1028609 
942 |2 ddc  |c BK  |n 0 
952 |0 0  |1 0  |4 0  |6 DOC_791_430000000000000_TUR  |7 0  |9 22265  |a BO  |b BO  |d 2026-01-15  |i 721  |l 0  |o DOC 791.430 TUR  |p BO721  |r 2026-01-15 23:22:23  |w 2026-01-15  |x [Sebina 7] [1 v.]  |y BK  |z 1 v. 
999 |c 19017  |d 19017